00406nam a2200133Ia 4500008004100000020001300041041001200054082001600066100000800082245013600090260002900226300000900255650000800264221030s9999 xx 000 0 und d a08946809 aEnglish a105.23bBPB aBPB 0aIC Master 2001 Vol. III : Part Number Index, Part Number Guide Manufactures & Distributors Dictionary Advertisers Tec. Datacby BPB bBPB PubaNew Delhic2001 a4144 aECE